Understanding farm animals; (Record no. 12209)

000 -LEADER
fixed length control field 00394cam a22001331 4500
040 ## - CATALOGING SOURCE
Transcribing agency DLC
082 00 - DEWEY DECIMAL CLASSIFICATION NUMBER
Classification number 636 ANG 1967 A040 Or.
100 1# - MAIN ENTRY--AUTHOR NAME
Personal name Sutherland, James Alan.
245 10 - TITLE STATEMENT
Title Understanding farm animals;
Remainder of title an introduction to the science of animal production
260 ## - PUBLICATION, DISTRIBUTION, ETC. (IMPRINT)
Place of publication [Sydney]
Name of publisher Angus and Robertson
Year of publication [1967]
300 ## - PHYSICAL DESCRIPTION
Number of Pages xx, 233 p.
Other physical details diagrs.
Dimensions 25 cm.
650 #0 - SUBJECT ADDED ENTRY--TOPICAL TERM
Topical Term Livestock.
942 ## - ADDED ENTRY ELEMENTS (KOHA)
Koha item type សៀវភៅភាសាអង់គ្លេស
952 ## - LOCATION AND ITEM INFORMATION (KOHA)
Withdrawn status [LOCAL, KOHA] 0
Holdings
Permanent Location Date acquired Koha item type Lost status Shelving location Barcode Current Location Full call number
Library Block A2017-08-11សៀវភៅភាសាអង់គ្លេស A040A11754Library Block A636 ANG 1967 A040 Or.
មជ្ឈមណ្ឌលឯការនៃសាកលវិទ្យាល័យភូមិន្ទកសិកម្មចំការដូង

Powered by Koha